Economic aspects of quality of life / (Record no. 52761)

MARC details
000 -LEADER
fixed length control field 00506nam a2200193Ia 4500
005 - DATE AND TIME OF LATEST TRANSACTION
control field 20260429112159.0
008 - FIXED-LENGTH DATA ELEMENTS--GENERAL INFORMATION
fixed length control field 260429s9999||||xx |||||||||||||| ||und||
020 ## - INTERNATIONAL STANDARD BOOK NUMBER
International Standard Book Number 9789386677761
041 ## - LANGUAGE CODE
Language English
082 ## - DEWEY DECIMAL CLASSIFICATION NUMBER
Classification number 338.9
Item number PAN
100 ## - MAIN ENTRY--PERSONAL NAME
Personal name Pandey, Shivesh
245 #0 - TITLE STATEMENT
Title Economic aspects of quality of life /
Statement of responsibility, etc Shivesh Pandey
250 ## - EDITION STATEMENT
Edition statement 1st ed.
260 ## - PUBLICATION, DISTRIBUTION, ETC. (IMPRINT)
Place of publication, distribution, etc New Delhi :
Name of publisher, distributor, etc Manakin Press,
Date of publication, distribution, etc 2026.
300 ## - PHYSICAL DESCRIPTION
Extent xxi, 164 p.; hb
650 ## - SUBJECT ADDED ENTRY--TOPICAL TERM
Topical term or geographic name as entry element Quality of life
650 ## - SUBJECT ADDED ENTRY--TOPICAL TERM
Topical term or geographic name as entry element Economic
942 ## - ADDED ENTRY ELEMENTS (KOHA)
Koha item type Text Books
Holdings
Withdrawn status Lost status Damaged status Not for loan Collection code Home library Location Shelving location Date of Cataloging Source of acquisition Total Checkouts Full call number Barcode Date last seen Price effective from Koha item type
        Non-fiction CUTN Central Library CUTN Central Library Social Sciences 29/04/2026 Techniz Books International, New Delhi - Invoice No. INT202601640 on 09-02-2026   338.9 PAN 57880 29/04/2026 29/04/2026 Text Books